Estadísticas para Capitales Mundiales más Cercanos a Paris

Haz click aquí para intentar la prueba.

Estadísticas generales

  • Esta prueba ha sido intentada 85 veces
  • La puntuación promedio es 18 de 20

Estadísticas de respuestas

kmcapital% Correcto
268Bruselas
100%
341Londres
100%
1053Madrid
100%
880Berlín
99%
430Ámsterdam
97%
1108Roma
97%
289Luxemburgo
96%
692Mónaco
95%
438Berna
93%
886Praga
93%
779Dublin
92%
1037Viena
92%
710Andorra
la Vieja
91%
1028Copenhague
89%
569Vaduz
89%
950San Marino
86%
1106Ciudad del
Vaticano
84%
1083Zagreb
84%
1092Bratislava
81%
967Liubliana
80%

Distribución de puntuación

Porcentaje por número respondido

Porcentaje de gente con cada puntuación

Historial de tus puntuaciones

No has intentado esta prueba.